00329nam a2200121Ia 4500008004100000041000800041082001400049100001900063245004500082260004200127300003100169365000700200240624s9999 xx 000 0 und d aeng a332.6 MIL aMILES ROBERT P aWARREN BUFFETT CEO SECRETS FROM THE BERK c2001aNew JerseybJohn Wiley and Sons axix, : 412 : p. : cm. ; 23 cRS